| 000 | 00931nam a22003017a 4500 | ||
|---|---|---|---|
| 001 | 5466 | ||
| 003 | FISKH | ||
| 005 | 20241210090031.0 | ||
| 008 | 241210b cb ||||| |||| 00| 0 eng d | ||
| 020 | _a0439165245 | ||
| 040 |
_aFISKH _beng _cFISKH _dFISKH |
||
| 050 | _aPZ7.A46245 | ||
| 082 | _a371 | ||
| 100 |
_aFleming, Maria _d(1953-) |
||
| 245 |
_aThe adventures of Abby alligator / _cBy Maria Fleming Illustrated by Matt Phillips |
||
| 250 | _a2001 | ||
| 260 |
_aNew York : _bScholastic, _c2001. |
||
| 300 |
_a16 pages : _bcolor illustrations ; _c26 cm |
||
| 505 | _aE | ||
| 520 | _aWhat will Abby Alligator be--an artist, an astronaut, an actor? Read all bout Abby's adventures in the working world. | ||
| 521 | 8 |
_a200L
_bLexile |
|
| 521 | 8 |
_aE
_bRaz-Plus |
|
| 650 |
_2Fiction _aAlphabet |
||
| 650 |
_2Letter A _aAlligators |
||
| 700 |
_aPhillips, Matt _dIllustrator |
||
| 942 |
_2ddc _cBK _n0 |
||
| 999 |
_c5466 _d5466 |
||